Statistics for Quiz about France

Click here to take the quiz!

General Stats

  • This quiz has been taken 24 times
  • The average score is 11 of 15

Answer Stats

HintAnswer% Correct
CapitalParis
100%
CurrencyEuro
95%
Body of water, seperating France from EnglandEnglish Channel
91%
Mountain range partially in Southeast FranceAlps
86%
Territory in South AmericaFrench Guiana
86%
Mountain range seperating France and IberiaPyrenees
86%
River that flows through the aboveSeine
86%
Current presidentEmmanuel Macron
82%
Where the above Emperor was bornCorsica
77%
It was stormed by the Allies, during WW2Normandy
73%
A set of wars from 1803-1815 named after this EmperorNapoleonic wars
64%
Bay, West of FranceBay of Biscay
59%
Where the above Emperor was exiled to, from 1814-1815Elba
59%
Area ceded by France to Germany, in 1871Alsace-Lorraine
41%
Capital of the aboveCayenne
27%

Score Distribution

Percentile by Number Answered

Percent of People with Each Score

Your Score History

You have not taken this quiz